[Event "BPB Limburg open A"]
[Site "Maastricht"]
[Date "2014.06.07"]
[Round "2"]
[White "Tugui, Adrian"]
[Black "Schenning, Albert"]
[Result "1-0"]
[WhiteElo "2397"]
[BlackElo "2017"]
[PlyCount "53"]
[EventDate "2014.06.06"]
[EventType "swiss"]
[EventRounds "7"]
[EventCountry "NED"]
[Source "P.Boonen"]
[SourceDate "2014.10.10"]

1. d4 d5 2. c4 c6 3. Nf3 Nf6 4. Qb3 dxc4 5. Qxc4 e6 6. Nc3 b5 7. Qb3 b4 8. Na4
Qd5 9. Bf4 Nbd7 10. e3 Qxb3 11. axb3 Nd5 12. Bg3 Bb7 13. Bd3 Be7 14. O-O O-O
15. Ne5 Nxe5 16. Bxe5 Nb6 17. Nc5 Bxc5 18. dxc5 Rfd8 19. Ba6 Bxa6 20. Rxa6 Nc8
21. Rxc6 Ne7 22. Rc7 Nc8 23. Bd4 Rd5 24. f4 f6 25. c6 e5 26. fxe5 fxe5 27. Rf5
1-0

[Event "BPB Limburg open A"]
[Site "Maastricht"]
[Date "2014.06.07"]
[Round "2"]
[White "Van Eetvelde, Ward"]
[Black "L'Ami, Erwin"]
[Result "0-1"]
[WhiteElo "2123"]
[BlackElo "2647"]
[PlyCount "76"]
[EventDate "2014.06.06"]
[EventType "swiss"]
[EventRounds "7"]
[EventCountry "NED"]
[Source "P.Boonen"]
[SourceDate "2014.10.10"]
[WhiteClock "0:17:19"]
[BlackClock "0:30:05"]

1. d4 Nf6 2. Nf3 b6 3. g4 Bb7 4. g5 Ne4 5. Nc3 e6 6. Nxe4 Bxe4 7. Rg1 d5 8. Ne5
Bd6 9. Ng4 c5 10. c3 Nc6 11. Qa4 Qc7 12. dxc5 bxc5 13. f3 Bg6 14. h4 O-O 15. h5
Bxh5 16. Nf6+ gxf6 17. gxf6+ Bg6 18. Qh4 Kh8 19. Bh6 Rg8 20. f4 Rab8 21. b3 Qa5
22. Rc1 Nd4 23. Bh3 Nf5 24. Bxf5 exf5 25. Kf2 Rbe8 26. Rxg6 fxg6 27. f7 Be7 28.
Qh1 c4 29. b4 Qb6+ 30. Kf1 Qe6 31. fxg8=Q+ Kxg8 32. Qg2 Bf6 33. Rd1 Rd8 34. Bg5
Bxg5 35. Qxg5 Rd7 36. Rd4 Qe3 37. b5 Qxc3 38. Qf6 Qe3 0-1

[Event "BPB Limburg open A"]
[Site "Maastricht"]
[Date "2014.06.07"]
[Round "2"]
[White "Van Foreest, Jorden"]
[Black "Van Foreest, Lucas"]
[Result "1-0"]
[WhiteElo "2448"]
[BlackElo "2190"]
[PlyCount "71"]
[EventDate "2014.06.06"]
[EventType "swiss"]
[EventRounds "7"]
[EventCountry "NED"]
[Source "P.Boonen"]
[SourceDate "2014.10.10"]

1. e4 e5 2. Nf3 Nc6 3. d4 exd4 4. Nxd4 Nge7 5. Nc3 g6 6. Be3 Bg7 7. Qd2 O-O 8.
O-O-O d6 9. h4 h5 10. Be2 f5 11. exf5 Nxf5 12. Nxf5 Bxf5 13. g4 Bxg4 14. Bxg4
hxg4 15. h5 gxh5 16. Qd5+ Rf7 17. Ne4 Ne5 18. Ng5 c6 19. Nxf7 cxd5 20. Nxd8
Rxd8 21. Rxh5 Nc4 22. Bd4 Ne5 23. b3 Kf7 24. Bxa7 Kg6 25. Rhh1 Ra8 26. Bd4 Rxa2
27. Kb1 Ra8 28. Bb2 Rf8 29. Rhf1 Kg5 30. Rxd5 Kf4 31. Rxd6 Kf3 32. Re6 Rf5 33.
Re1 Kf4 34. Re7 Bh8 35. Rxb7 Nf3 36. Bc1+ 1-0

[Event "BPB Limburg open A"]
[Site "Maastricht"]
[Date "2014.06.07"]
[Round "2"]
[White "Van Helvoort, Rob"]
[Black "Rose, Dominik"]
[Result "1/2-1/2"]
[WhiteElo "2140"]
[BlackElo "2127"]
[PlyCount "92"]
[EventDate "2014.06.06"]
[EventType "swiss"]
[EventRounds "7"]
[EventCountry "NED"]
[Source "P.Boonen"]
[SourceDate "2014.10.10"]
[WhiteClock "0:30:04"]
[BlackClock "0:19:48"]

1. e4 c5 2. c3 g6 3. d4 cxd4 4. cxd4 d5 5. exd5 Nf6 6. Nc3 Bg7 7. Qb3 O-O 8.
Be2 Nbd7 9. Bf3 Nb6 10. a4 e6 11. dxe6 Bxe6 12. Qd1 Re8 13. Nge2 Bg4 14. Bxg4
Nxg4 15. O-O Qh4 16. h3 Nh6 17. a5 Nd7 18. Bxh6 Qxh6 19. Qa4 Nf6 20. Rad1 Rad8
21. Qb5 Re7 22. Rd3 a6 23. Qb6 Rde8 24. Ng3 Nd7 25. Qb3 Nf6 26. Qa2 Qf4 27. d5
Qd6 28. Rfd1 h5 29. Nf1 Bh6 30. Qa3 Qxa3 31. bxa3 Nd7 32. Na4 Bf4 33. Rb3 Re4
34. Nb6 Rd8 35. g3 Bd6 36. Kg2 Nxb6 37. axb6 Ra4 38. Rdd3 Bc5 39. Rdc3 Rxd5 40.
Ne3 Bxe3 41. Rxe3 Rd7 42. Re8+ Kg7 43. Rc8 Kf6 44. Rf3+ Ke7 45. Re3+ Kf6 46.
Kf1 Rd8 1/2-1/2

[Event "BPB Limburg open A"]
[Site "Maastricht"]
[Date "2014.06.07"]
[Round "2"]
[White "Van Meegen, Ruud"]
[Black "Beeke, Bob"]
[Result "1/2-1/2"]
[WhiteElo "2026"]
[BlackElo "2255"]
[PlyCount "112"]
[EventDate "2014.06.06"]
[EventType "swiss"]
[EventRounds "7"]
[EventCountry "NED"]
[Source "P.Boonen"]
[SourceDate "2014.10.10"]

1. e4 e5 2. Nf3 Nc6 3. Bc4 Bc5 4. c3 Nf6 5. d3 a6 6. Bb3 Ba7 7. Nbd2 d6 8. h3
O-O 9. g4 Be6 10. Bc2 Qe7 11. Nf1 Nd7 12. Ne3 g6 13. Nf5 gxf5 14. gxf5 Kh8 15.
Bh6 Rg8 16. Qd2 Rg2 17. Rf1 Rag8 18. Bd1 Bxf5 19. exf5 e4 20. dxe4 Qxe4+ 21.
Be2 Nde5 22. Nxe5 Nxe5 23. O-O-O Qxf5 24. Be3 Bxe3 25. Qxe3 f6 26. Rd4 Rg1 27.
Rdd1 R1g2 28. Rd4 b5 29. b3 Rg1 30. Rdd1 Rxf1 31. Rxf1 Ng6 32. Bd3 Qe5 33. Bxg6
Rxg6 34. Qd2 Qg5 35. Re1 Qxd2+ 36. Kxd2 Rg2 37. Re8+ Kg7 38. Ke2 Rh2 39. Re7+
Kg6 40. Rxc7 Rxh3 41. Ra7 Rxc3 42. Rxa6 d5 43. Kd2 Rc8 44. Rd6 Ra8 45. Rxd5 h5
46. Rxb5 Rxa2+ 47. Ke3 Rb2 48. Kf3 Rc2 49. Rb6 Kg5 50. Rb8 Kf5 51. Rh8 Rc3+ 52.
Kg2 Kg4 53. Rg8+ Kf4 54. Rg3 Rc7 55. Rf3+ Kg5 56. Rg3+ Kf4 1/2-1/2

[Event "BPB Limburg open A"]
[Site "Maastricht"]
[Date "2014.06.07"]
[Round "2"]
[White "Van de Perre, Tom"]
[Black "Huesmann, Thomas"]
[Result "1/2-1/2"]
[WhiteElo "2121"]
[BlackElo "2191"]
[PlyCount "88"]
[EventDate "2014.06.06"]
[EventType "swiss"]
[EventRounds "7"]
[EventCountry "NED"]
[Source "P.Boonen"]
[SourceDate "2014.10.10"]

1. e4 e5 2. Nf3 Nc6 3. Bb5 a6 4. Bxc6 dxc6 5. O-O Bg4 6. h3 h5 7. d3 Qf6 8.
Nbd2 Ne7 9. Nc4 Bxf3 10. Qxf3 Qxf3 11. gxf3 Ng6 12. Be3 Bd6 13. Kh1 Nf8 14. f4
exf4 15. Nxd6+ cxd6 16. Bxf4 O-O-O 17. Rg1 Ne6 18. Be3 d5 19. f4 dxe4 20. f5
Nd4 21. Bxd4 Rxd4 22. dxe4 g6 23. fxg6 fxg6 24. Rxg6 Rxe4 25. Rag1 Kc7 26. Rg7+
Kb6 27. R1g3 Re1+ 28. Kg2 Re2+ 29. Kf1 Rxc2 30. Rb3+ Kc5 31. Rbxb7 Rf8+ 32. Kg1
Rf5 33. Rg2 Rxg2+ 34. Kxg2 Kd4 35. Rb6 Rb5 36. Rxc6 Rxb2+ 37. Kg3 Rxa2 38. Kh4
a5 39. Kxh5 a4 40. h4 Kd5 41. Ra6 Kc5 42. Kh6 Kb5 43. Ra8 Rc2 44. h5 Kb4
1/2-1/2

[Event "BPB Limburg open A"]
[Site "Maastricht"]
[Date "2014.06.07"]
[Round "2"]
[White "Van den Doel, Erik"]
[Black "Hansen, Victor"]
[Result "1-0"]
[WhiteElo "2553"]
[BlackElo "2121"]
[PlyCount "51"]
[EventDate "2014.06.06"]
[EventType "swiss"]
[EventRounds "7"]
[EventCountry "NED"]
[Source "P.Boonen"]
[SourceDate "2014.10.10"]

1. e4 c6 2. d4 d5 3. e5 c5 4. dxc5 Nc6 5. a3 e6 6. Nd2 Bxc5 7. Qg4 Nxe5 8. Qxg7
Bd4 9. Qg3 Ne7 10. Qb3 Bb6 11. Ngf3 Qc7 12. Bb5+ N7c6 13. O-O Bd7 14. c4 O-O-O
15. cxd5 exd5 16. Nxe5 Qxe5 17. Nf3 Qh5 18. Bf4 Rhg8 19. Rac1 Rg4 20. Bg3 Rdg8
21. Rfd1 d4 22. Ne1 f5 23. Be2 f4 24. Qxg8+ Rxg8 25. Bxh5 fxg3 26. hxg3 1-0

[Event "BPB Limburg open A"]
[Site "Maastricht"]
[Date "2014.06.07"]
[Round "2"]
[White "Van den Ouden, Lendert"]
[Black "Lentjes, Noud"]
[Result "0-1"]
[WhiteElo "2085"]
[BlackElo "2054"]
[PlyCount "90"]
[EventDate "2014.06.06"]
[EventType "swiss"]
[EventRounds "7"]
[EventCountry "NED"]
[Source "P.Boonen"]
[SourceDate "2014.10.10"]

1. d4 Nf6 2. Nf3 e6 3. g3 b6 4. Bg2 Bb7 5. O-O Be7 6. c4 O-O 7. Nc3 Ne4 8. Bd2
Nxd2 9. Qxd2 d6 10. d5 e5 11. e4 Bc8 12. Ne1 f5 13. exf5 Bxf5 14. Be4 Nd7 15.
Nd3 Bh3 16. Bg2 Bg4 17. Nb4 Bg5 18. Qc2 Nf6 19. Nc6 Qd7 20. Ne4 Nxe4 21. Bxe4
h5 22. b4 h4 23. Rae1 Rf6 24. f3 Bh3 25. Rf2 Qf7 26. a4 Kh8 27. a5 bxa5 28.
bxa5 a6 29. c5 Rf8 30. cxd6 cxd6 31. Qd3 Bc8 32. Rb1 Rh6 33. Rbb2 Qh5 34. g4
Qf7 35. Rb8 h3 36. Rc2 Rf6 37. Ra8 Bxg4 38. Rxf8+ Qxf8 39. Rb2 Bc8 40. Rb8 Rf7
41. Qb1 Rc7 42. Qb6 Qf4 43. Qxc7 Qc1+ 44. Kf2 Be3+ 45. Kg3 Qe1# 0-1

[Event "BPB Limburg open A"]
[Site "Maastricht"]
[Date "2014.06.07"]
[Round "2"]
[White "Veltman, Anne"]
[Black "Dek, Lennart"]
[Result "1-0"]
[WhiteElo "2017"]
[BlackElo "2256"]
[PlyCount "138"]
[EventDate "2014.06.06"]
[EventType "swiss"]
[EventRounds "7"]
[EventCountry "NED"]
[Source "P.Boonen"]
[SourceDate "2014.10.10"]

1. e4 c5 2. Nf3 Nc6 3. d4 cxd4 4. Nxd4 Nf6 5. Nc3 e5 6. Ndb5 d6 7. Bg5 a6 8.
Na3 b5 9. Nd5 Be7 10. Bxf6 Bxf6 11. c4 b4 12. Qa4 Bd7 13. Nxb4 Nd4 14. Qd1 Bg5
15. Nbc2 Rb8 16. Rb1 Ba4 17. Bd3 Qa5+ 18. b4 Rxb4 19. Rxb4 Bxc2 20. Nxc2 Nxc2+
21. Qxc2 Qxb4+ 22. Ke2 O-O 23. Rb1 Qa5 24. Rb2 Bd8 25. Qd2 Qc5 26. Qb4 Qd4 27.
Qb7 a5 28. Rb5 Qa1 29. Bb1 Qc3 30. Qd5 a4 31. Qd3 Ba5 32. Qxc3 Bxc3 33. Bc2 a3
34. Rb3 Bb2 35. Rd3 Rd8 36. c5 Rc8 37. Rxd6 Kf8 38. c6 Bd4 39. Bb3 Rc7 40. Rd8+
Ke7 41. Rg8 g6 42. Rg7 Kd6 43. Bd5 f5 44. Rg8 f4 45. g4 Bb6 46. Rd8+ Kc5 47.
Ra8 Ba7 48. Kd3 Kb4 49. f3 Kb5 50. Re8 Bd4 51. Rd8 Bb2 52. Rb8+ Kc5 53. Rb7 Kd6
54. Rb5 Ra7 55. Kc4 Ra4+ 56. Kb3 Ra7 57. Kb4 Kc7 58. Rb7+ Rxb7+ 59. cxb7 h5 60.
h3 hxg4 61. hxg4 g5 62. Bc6 Bd4 63. Kxa3 Ba7 64. Bd5 Kb6 65. Kb4 Bb8 66. Kc4
Kc7 67. Kb5 Ba7 68. Bc6 Kd6 69. Ka6 Bb8 1-0

[Event "BPB Limburg open A"]
[Site "Maastricht"]
[Date "2014.06.07"]
[Round "2"]
[White "Von Meijenfeldt, Bart"]
[Black "Bekker, Stefan"]
[Result "1-0"]
[WhiteElo "2322"]
[BlackElo "2223"]
[PlyCount "63"]
[EventDate "2014.06.06"]
[EventType "swiss"]
[EventRounds "7"]
[EventCountry "NED"]
[Source "P.Boonen"]
[SourceDate "2014.10.10"]

1. e4 c5 2. Nc3 a6 3. Nf3 d6 4. d4 cxd4 5. Nxd4 Nf6 6. Be3 e5 7. Nb3 Be7 8. h3
Be6 9. f4 b5 10. Qf3 Nbd7 11. O-O-O Qc7 12. g4 Nb6 13. f5 Bc4 14. Bxb6 Qxb6 15.
g5 Nd7 16. f6 gxf6 17. Bxc4 bxc4 18. Nd5 Qc6 19. Na5 Qa4 20. Nxe7 Kxe7 21.
gxf6+ Kd8 22. Qc3 Qxa2 23. Nb7+ Kc7 24. Nxd6 Rad8 25. Nxc4 Qa1+ 26. Kd2 Qa4 27.
b3 Qc6 28. Kc1 Qxe4 29. Rhe1 Qc6 30. Rd6 Qc5 31. b4 Qf2 32. Nxe5+ 1-0

[Event "BPB Limburg open A"]
[Site "Maastricht"]
[Date "2014.06.07"]
[Round "2"]
[White "Voss, Gunther"]
[Black "Ypma, Peter"]
[Result "0-1"]
[WhiteElo "2180"]
[BlackElo "2183"]
[PlyCount "104"]
[EventDate "2014.06.06"]
[EventType "swiss"]
[EventRounds "7"]
[EventCountry "NED"]
[Source "P.Boonen"]
[SourceDate "2014.10.10"]

1. e4 e5 2. Nf3 Nc6 3. Bb5 Nd4 4. Nxd4 exd4 5. O-O h5 6. d3 c6 7. Ba4 d5 8. Qe1
Be6 9. f4 dxe4 10. f5 Bd5 11. c4 dxc3 12. Nxc3 Nf6 13. dxe4 Bc4 14. Rf4 Ng4 15.
e5 Qd3 16. Bd1 O-O-O 17. Be2 Bc5+ 18. Kh1 Qc2 19. Bxc4 Rd4 20. Qe2 Qxe2 21.
Bxe2 Rxf4 22. Bxf4 Nf2+ 23. Kg1 Nh3+ 24. Kf1 Nxf4 25. Bc4 Re8 26. Re1 Bd4 27.
g3 Bxc3 28. bxc3 Nd5 29. Bb3 Re7 30. c4 Nb6 31. c5 Nd7 32. e6 fxe6 33. Bxe6 Kc7
34. Rc1 Nf8 35. Re1 Nxe6 36. fxe6 b6 37. Re5 g6 38. g4 hxg4 39. Kg2 bxc5 40.
Rxc5 Rxe6 41. Ra5 Kb6 42. Ra4 a5 43. Kg3 Kb5 44. Rxg4 a4 45. Kf3 a3 46. h4 c5
47. Rg5 Kb4 48. h5 gxh5 49. Rxh5 c4 50. Rh4 Kc3 51. Rh2 Kd3 52. Rh6 Rxh6 0-1

[Event "BPB Limburg open A"]
[Site "Maastricht"]
[Date "2014.06.07"]
[Round "2"]
[White "Weller, Manuel"]
[Black "Van Liempt, Michael"]
[Result "1-0"]
[WhiteElo "2200"]
[BlackElo "2008"]
[PlyCount "55"]
[EventDate "2014.06.06"]
[EventType "swiss"]
[EventRounds "7"]
[EventCountry "NED"]
[Source "P.Boonen"]
[SourceDate "2014.10.10"]

1. Nf3 c5 2. c4 Nc6 3. g3 g6 4. Bg2 Bg7 5. O-O d6 6. Nc3 Nf6 7. Re1 O-O 8. e4
e5 9. a3 a5 10. Rb1 Be6 11. Nd5 Nd4 12. Nxd4 Bxd5 13. cxd5 cxd4 14. b4 a4 15.
d3 b5 16. Bh3 Nd7 17. Bd2 f5 18. f3 Rc8 19. Rc1 Nb8 20. Rc2 Qd7 21. Qb1 Rxc2
22. Qxc2 Rc8 23. Qb1 Kf7 24. Rc1 Na6 25. Rf1 Rf8 26. Qc2 Qc7 27. Qxc7+ Nxc7 28.
Rc1 1-0

[Event "BPB Limburg open A"]
[Site "Maastricht"]
[Date "2014.06.07"]
[Round "2"]
[White "Wille, Thomas"]
[Black "Rihouay, Clement"]
[Result "0-1"]
[WhiteElo "2105"]
[BlackElo "2206"]
[PlyCount "73"]
[EventDate "2014.06.06"]
[EventType "swiss"]
[EventRounds "7"]
[EventCountry "NED"]
[Source "P.Boonen"]
[SourceDate "2014.10.10"]

1. Nf3 Nf6 2. c4 e6 3. g3 b6 4. Bg2 Bb7 5. O-O c5 6. Nc3 d6 7. Re1 Nbd7 8. e4
a6 9. d4 cxd4 10. Nxd4 Qc7 11. Be3 Rc8 12. Rc1 Be7 13. b3 O-O 14. Qe2 Rfe8 15.
Red1 Qb8 16. f3 Bf8 17. Qd2 Ba8 18. Bf1 Ne5 19. Qf2 d5 20. cxd5 exd5 21. Nxd5
Nxd5 22. exd5 Bxd5 23. Bg2 Rxc1 24. Bxc1 Bc5 25. Bf4 Qb7 26. Bxe5 Rxe5 27. Kf1
Re8 28. Rd3 g6 29. Qb2 Qe7 30. Qd2 Bb7 31. f4 Bb4 32. Qd1 Qc5 33. Bxb7 Re1+ 34.
Qxe1 Bxe1 35. Bxa6 Bc3 36. Ne2 Bf6 37. a4 {Time} 0-1

[Event "BPB Limburg open A"]
[Site "Maastricht"]
[Date "2014.06.07"]
[Round "2"]
[White "Wilschut, Peter"]
[Black "Helmer, Christoph"]
[Result "1/2-1/2"]
[WhiteElo "2258"]
[BlackElo "2069"]
[PlyCount "55"]
[EventDate "2014.06.06"]
[EventType "swiss"]
[EventRounds "7"]
[EventCountry "NED"]
[Source "P.Boonen"]
[SourceDate "2014.10.10"]

1. Nf3 Nf6 2. b3 e6 3. Bb2 d5 4. e3 Bd6 5. c4 Nbd7 6. Nc3 c6 7. Qc2 Qe7 8. cxd5
exd5 9. Be2 O-O 10. h3 Nc5 11. d3 Ne6 12. O-O Re8 13. Rfe1 h6 14. e4 dxe4 15.
Nxe4 Nxe4 16. dxe4 Bb4 17. Bc3 Qc5 18. Rac1 Ba3 19. Bb2 Qxc2 20. Rxc2 Bxb2 21.
Rxb2 Nf4 22. Bf1 Be6 23. Rd2 Rad8 24. Red1 Rxd2 25. Rxd2 Kf8 26. Nd4 Ke7 27.
Nxe6 Nxe6 28. f3 1/2-1/2

[Event "BPB Limburg open A"]
[Site "Maastricht"]
[Date "2014.06.07"]
[Round "2"]
[White "Wislez, Francis"]
[Black "Bezemer, Arno"]
[Result "0-1"]
[WhiteElo "2002"]
[BlackElo "2324"]
[PlyCount "80"]
[EventDate "2014.06.06"]
[EventType "swiss"]
[EventRounds "7"]
[EventCountry "NED"]
[Source "P.Boonen"]
[SourceDate "2014.10.10"]

1. d4 Nf6 2. Nf3 g6 3. c4 Bg7 4. Nc3 d5 5. cxd5 Nxd5 6. e4 Nxc3 7. bxc3 c5 8.
Bb5+ Nd7 9. O-O O-O 10. e5 cxd4 11. cxd4 Nb6 12. Bg5 Be6 13. a4 a6 14. Be2 Qd7
15. a5 Nd5 16. Qd2 f6 17. exf6 exf6 18. Bh6 Rac8 19. Bxg7 Kxg7 20. Rfc1 Qd6 21.
Rxc8 Rxc8 22. Rb1 Rc7 23. h3 Qa3 24. Re1 Bf7 25. Bd3 Nc3 26. Be4 Qxa5 27. Kh2
Qa3 28. Qf4 Re7 29. d5 Rxe4 30. Rxe4 Nxe4 31. Qxe4 Qd6+ 32. Kg1 Qxd5 33. Qe7 a5
34. Qa3 b6 35. h4 h5 36. Qa1 Qe4 37. Ng5 Qe5 38. Qxe5 fxe5 39. Ne4 a4 40. Nc3
a3 0-1

[Event "BPB Limburg open A"]
[Site "Maastricht"]
[Date "2014.06.07"]
[Round "3"]
[White "Beeke, Bob"]
[Black "Van de Perre, Tom"]
[Result "1-0"]
[WhiteElo "2255"]
[BlackElo "2121"]
[PlyCount "119"]
[EventDate "2014.06.06"]
[EventType "swiss"]
[EventRounds "7"]
[EventCountry "NED"]
[Source "P.Boonen"]
[SourceDate "2014.10.10"]

1. Nf3 f5 2. d3 d5 3. g3 Nf6 4. Bg2 e6 5. O-O Bd6 6. Nc3 c6 7. e4 Be7 8. exf5
exf5 9. Ne2 Na6 10. h4 O-O 11. Nf4 Nc7 12. Re1 Ng4 13. a4 a5 14. Bd2 Re8 15.
Bc3 Bb4 16. Qd2 Rxe1+ 17. Rxe1 Qd6 18. Re2 Bd7 19. Nd4 Re8 20. b3 Rxe2 21.
Ndxe2 b6 22. Bxb4 axb4 23. d4 Nf6 24. Nd3 Na6 25. Qf4 Qxf4 26. Nexf4 Kf7 27.
Bf1 Ke7 28. f3 Be8 29. Kf2 Kd6 30. Ke3 g6 31. Be2 Bd7 32. Ne5 Nc7 33. Bd3 Bc8
34. Be2 Ba6 35. Bxa6 Nxa6 36. h5 gxh5 37. Nf7+ Ke7 38. Nh6 c5 39. Nxf5+ Kd7 40.
Ng7 c4 41. Ngxh5 Nxh5 42. Nxh5 Ke6 43. g4 Nb8 44. f4 Nc6 45. f5+ Kd6 46. g5
cxb3 47. cxb3 Na5 48. Nf4 Nxb3 49. g6 hxg6 50. fxg6 Ke7 51. Nxd5+ Kf8 52. Nxb6
Na5 53. Kd3 Kg7 54. Nc4 Nc6 55. Ne5 Na5 56. d5 Kf6 57. d6 Nb7 58. d7 Kxe5 59.
g7 Nc5+ 60. Kc4 1-0

[Event "BPB Limburg open A"]
[Site "Maastricht"]
[Date "2014.06.07"]
[Round "3"]
[White "Bekker, Stefan"]
[Black "Sekandar, Kambiz"]
[Result "0-1"]
[WhiteElo "2223"]
[BlackElo "2100"]
[PlyCount "94"]
[EventDate "2014.06.06"]
[EventType "swiss"]
[EventRounds "7"]
[EventCountry "NED"]
[Source "P.Boonen"]
[SourceDate "2014.10.10"]

1. e4 c6 2. d4 d5 3. Nc3 dxe4 4. Nxe4 Bf5 5. Ng3 Bg6 6. h4 h6 7. Nf3 Nd7 8. h5
Bh7 9. Bd3 Bxd3 10. Qxd3 e6 11. Bd2 Ngf6 12. O-O-O Be7 13. Rhe1 O-O 14. Qe2 c5
15. Nf5 exf5 16. Qxe7 Qc7 17. dxc5 Rfe8 18. Qd6 Qxc5 19. Qxc5 Nxc5 20. Nd4 Nce4
21. Nxf5 Nxf2 22. Rxe8+ Rxe8 23. Rf1 N2e4 24. Be3 Nxh5 25. Bxa7 Ra8 26. Bd4
Rxa2 27. b3 Ra6 28. Re1 Re6 29. Kb2 Kh7 30. Ra1 Nd6 31. Ra5 Nxf5 32. Rxf5 Kg6
33. Rb5 Re7 34. Be5 f5 35. Kc3 Kg5 36. Kd4 Nf4 37. g3 Rd7+ 38. Kc5 Ne6+ 39. Kb6
Kg4 40. c4 g5 41. Rd5 Re7 42. Bd6 Rf7 43. b4 f4 44. Re5 f3 45. Re4+ Kh3 46.
Rxe6 f2 47. Rxh6+ Kg2 0-1

[Event "BPB Limburg open A"]
[Site "Maastricht"]
[Date "2014.06.07"]
[Round "3"]
[White "Bellens, Steven"]
[Black "Serbu, Eli"]
[Result "0-1"]
[WhiteElo "2013"]
[BlackElo "2170"]
[PlyCount "74"]
[EventDate "2014.06.06"]
[EventType "swiss"]
[EventRounds "7"]
[EventCountry "NED"]
[Source "P.Boonen"]
[SourceDate "2014.10.10"]

1. d4 Nf6 2. c4 g6 3. Nc3 d5 4. Qb3 dxc4 5. Qxc4 Bg7 6. e4 O-O 7. Nf3 b6 8. Bf4
c6 9. Qa4 Bd7 10. Qc2 Qc8 11. Be2 c5 12. d5 c4 13. O-O Na6 14. Ne5 b5 15. Nxd7
Qxd7 16. Rad1 Rfd8 17. a3 Nc5 18. d6 a6 19. e5 Ne8 20. Nd5 exd6 21. Nb6 Qc6 22.
Nxa8 Qxa8 23. exd6 Ne6 24. Bf3 Qc8 25. Bg3 Nd4 26. Qe4 Nxd6 27. Bxd6 Rxd6 28.
Rfe1 Rd8 29. Qe7 Nxf3+ 30. gxf3 Rf8 31. Rd7 Qc6 32. Re4 Bxb2 33. Rd8 Bg7 34.
Rd6 Qc8 35. Qa7 c3 36. Qe3 c2 37. Qc1 Bb2 0-1

[Event "BPB Limburg open A"]
[Site "Maastricht"]
[Date "2014.06.07"]
[Round "3"]
[White "Bons, Jasper"]
[Black "Van Foreest, Lucas"]
[Result "1/2-1/2"]
[WhiteElo "2072"]
[BlackElo "2190"]
[PlyCount "111"]
[EventDate "2014.06.06"]
[EventType "swiss"]
[EventRounds "7"]
[EventCountry "NED"]
[Source "P.Boonen"]
[SourceDate "2014.10.10"]

1. e4 e5 2. Nf3 Nc6 3. Bb5 a6 4. Ba4 Nf6 5. O-O Be7 6. d3 b5 7. Bb3 O-O 8. a4
Bb7 9. Nc3 b4 10. Ne2 d5 11. exd5 Nxd5 12. d4 exd4 13. Nexd4 Nxd4 14. Nxd4 Bf6
15. Nf5 Ne7 16. Qxd8 Raxd8 17. Nxe7+ Bxe7 18. Bf4 Bd6 19. Bg5 Rde8 20. Rad1 Re4
21. Bd5 Bxd5 22. Rxd5 Rc4 23. Rc1 Re8 24. b3 Rxc2 25. Rdd1 Rb2 26. Rd3 Rc2 27.
Rdd1 Ree2 28. Be3 Rxc1 29. Bxc1 f6 30. Kf1 Rc2 31. Be3 Kf7 32. h3 Ke6 33. Rd2
Rc3 34. Rb2 Be5 35. Rb1 a5 36. Ke2 f5 37. Bd2 Rc6 38. Rc1 Rd6 39. Rc5 Rd5 40.
Rc4 h6 41. f3 Bd6 42. Be3 g5 43. h4 f4 44. Bd2 Re5+ 45. Kd3 Bc5 46. hxg5 hxg5
47. Re4 c6 48. Bc1 Kf5 49. Rxe5+ Kxe5 50. Bb2+ Kd5 51. Bf6 Bd6 52. Bxg5 Bc7 53.
Bf6 c5 54. Be7 Bb6 55. Bg5 Bc7 56. Be7 1/2-1/2

[Event "BPB Limburg open A"]
[Site "Maastricht"]
[Date "2014.06.07"]
[Round "3"]
[White "Carmeille, Ludovic"]
[Black "Weller, Manuel"]
[Result "0-1"]
[WhiteElo "2321"]
[BlackElo "2200"]
[PlyCount "94"]
[EventDate "2014.06.06"]
[EventType "swiss"]
[EventRounds "7"]
[EventCountry "NED"]
[Source "P.Boonen"]
[SourceDate "2014.10.10"]

1. e4 c5 2. Nf3 d6 3. d4 cxd4 4. Nxd4 Nf6 5. Nc3 a6 6. h3 e6 7. g4 d5 8. Nde2
Bb4 9. a3 Bxc3+ 10. Nxc3 Nxe4 11. Nxe4 dxe4 12. Qxd8+ Kxd8 13. Bg2 f5 14. Bg5+
Ke8 15. O-O-O Nc6 16. f3 h6 17. Be3 f4 18. Bxf4 Rf8 19. Bd6 exf3 20. Bf1 Rf6
21. Bd3 b5 22. Be4 Bb7 23. Rhf1 Nd8 24. Bxb7 Nxb7 25. Be5 Rf7 26. Rd3 f2 27.
Rd2 Rd8 28. Rdxf2 Rxf2 29. Rxf2 Rd7 30. b3 Na5 31. Rd2 g6 32. Re2 Ke7 33. Rf2
Nc6 34. Bg7 h5 35. Bf8+ Ke8 36. Rf6 Rf7 37. Rxf7 Kxf7 38. Bc5 hxg4 39. hxg4 Kf6
40. Be3 Ke5 41. Kd2 Ke4 42. g5 e5 43. Ke2 Nd8 44. c4 bxc4 45. bxc4 Nc6 46. Kd2
Na5 47. Bc5 Nb3+ 0-1

[Event "BPB Limburg open A"]
[Site "Maastricht"]
[Date "2014.06.07"]
[Round "3"]
[White "Commercon, Simon"]
[Black "Ritsema, Ronald"]
[Result "1/2-1/2"]
[WhiteElo "2219"]
[BlackElo "2011"]
[PlyCount "89"]
[EventDate "2014.06.06"]
[EventType "swiss"]
[EventRounds "7"]
[EventCountry "NED"]
[Source "P.Boonen"]
[SourceDate "2014.10.10"]

1. d4 Nf6 2. Bg5 Ne4 3. Bf4 d5 4. Nf3 e6 5. Nbd2 f5 6. e3 Be7 7. h3 O-O 8. Bd3
c5 9. c3 Nc6 10. O-O Bd7 11. Ne5 Nxe5 12. Bxe5 Qb6 13. Bxe4 fxe4 14. Qb3 Qa6
15. a4 c4 16. Qc2 Be8 17. f3 exf3 18. Nxf3 Bg6 19. Qf2 Rf7 20. Qg3 Qb6 21. Rf2
Qd8 22. Raf1 Bf6 23. Bxf6 Rxf6 24. Ne5 Rxf2 25. Rxf2 Qe8 26. a5 b5 27. Rf4 Bf5
28. Qf2 a6 29. Kh2 Ra7 30. h4 h5 31. Qf3 Be4 32. Qg3 Rb7 33. Rf2 Bf5 34. Qg5 b4
35. Rxf5 exf5 36. Qxf5 bxc3 37. bxc3 Re7 38. Ng6 Re6 39. Nf4 Rxe3 40. Qxd5+ Qf7
41. Qd8+ Kh7 42. Nd5 Re4 43. Kg1 Re1+ 44. Kh2 Re4 45. Kg1 1/2-1/2

[Event "BPB Limburg open A"]
[Site "Maastricht"]
[Date "2014.06.07"]
[Round "3"]
[White "Dardha, Arben"]
[Black "Van Meegen, Ruud"]
[Result "1/2-1/2"]
[WhiteElo "2284"]
[BlackElo "2026"]
[PlyCount "122"]
[EventDate "2014.06.06"]
[EventType "swiss"]
[EventRounds "7"]
[EventCountry "NED"]
[Source "P.Boonen"]
[SourceDate "2014.10.10"]

1. e4 c5 2. Nf3 g6 3. d4 cxd4 4. Nxd4 Bg7 5. c4 Nc6 6. Be3 Nf6 7. Nc3 d6 8. Be2
O-O 9. O-O Nxd4 10. Bxd4 Bd7 11. f4 Bc6 12. Bf3 Nd7 13. Bxg7 Kxg7 14. Qd4+ Kg8
15. Kh1 a5 16. Qd2 Qb6 17. b3 Nc5 18. Rab1 Qb4 19. Rfd1 Rfe8 20. f5 Nd7 21.
Rbc1 Kg7 22. Qb2 Ne5 23. Nd5 Bxd5 24. Rxd5 Qb6 25. c5 Qd8 26. Rcd1 f6 27. cxd6
exd6 28. Rxd6 Qe7 29. Qd4 Rac8 30. Be2 Rc6 31. Rd5 Rc2 32. Bb5 Rec8 33. a4 Rc1
34. h3 Qa3 35. Bc4 Rxd1+ 36. Qxd1 b6 37. Kh2 Nxc4 38. Rd7+ Kh6 39. bxc4 Qe3 40.
Qg4 Qg5 41. Rd4 Qxg4 42. hxg4 Kg5 43. Kg3 Rc7 44. Kf3 Rc6 45. fxg6 hxg6 46.
Rd5+ Kh6 47. g5+ fxg5 48. Rd4 Kg7 49. e5 Kf7 50. Kg4 Ke6 51. Re4 Rc8 52. Kxg5
Rf8 53. g4 Rg8 54. Rd4 Kxe5 55. Rd5+ Ke4 56. Rd6 Rc8 57. Kxg6 Rxc4 58. g5 Rxa4
59. Rxb6 Kd5 60. Kf7 Kc5 61. Rf6 Rg4 1/2-1/2